000 00808nam a2200229Ia 4500
020 _a0673596478
020 _a0673596281 (t.ed., v.1)
020 _a0673596648 (t.ed., v.2)
040 _cKMM
082 _a428 SCO 2000 A023 Or.
245 0 0 _aScott, Foresman reading.
_bFantastic voyage /
246 3 0 _aReading.
246 3 0 _aFantastic voyage
260 _aGlenview, IL :
_bScott, Foresman and Company,
_cc2000.
300 _a672 p. :
_bill. ;
_c29 cm. +
_emultimedia teacher's edition (2 v. : ill. ; 31 cm.).
500 _aFirst volume contains Teacher's resource planner preview and Teacher's technology companion preview CD-ROM discs.
650 0 _aReading (Elementary)
650 0 _aReaders (Elementary)
700 1 _aAfflerbach, Peter.
710 2 _aScott, Foresman and Company.
942 _cEK
999 _c13995
_d13995